000
00340nam a22001577a 4500
005
20160629135253.0
008
160629b xxu||||| |||| 00| 0 eng d
041
_a
eng
082
_b
11040
100
_a
banerjee, S.S.
_9
3194
245
_a
banerjee, S.S.
260
_b
Swadesh
300
_a
614
650
_a
Management
_9
241
942
_c
BK
999
_c
4691
_d
4689